Loading...
| Fine Arts - Classical Music | 0 | 6 | 1 | 0 | 55 | 53 | 85.33 | 2 | 6 |
| History - European History | 0 | 3 | 0 | 1 | 30 | 88 | 116.33 | 0 | 0 |
| Religion | 0 | 2 | 0 | 1 | 20 | 119 | 126.00 | 0 | 0 |
| Fine Arts - Other Fine Arts | 0 | 2 | 0 | 0 | 20 | 80 | 86.00 | 1 | 2 |
| History - World History | 0 | 2 | 0 | 0 | 20 | 45 | 72.50 | 1 | 1 |
| Current Events | 0 | 1 | 0 | 0 | 10 | 74 | 74.00 | 0 | 1 |
| Literature - British Literature | 0 | 1 | 0 | 0 | 10 | 115 | 115.00 | 0 | 1 |
| Literature - World Literature | 0 | 1 | 0 | 0 | 10 | 131 | 131.00 | 0 | 1 |
| Mythology | 0 | 1 | 0 | 0 | 10 | 139 | 139.00 | 0 | 0 |
| Pop Culture | 0 | 1 | 0 | 0 | 10 | 23 | 23.00 | 0 | 1 |
| Social Science | 0 | 1 | 0 | 1 | 10 | 130 | 130.00 | 0 | 0 |
| Science - Other Science | 0 | 0 | 1 | 0 | -5 | 0.00 | 0 | 0 | |
| Literature - European Literature | 0 | 0 | 1 | 0 | -5 | 0.00 | 0 | 0 |